000 00976nam a2200289 i 4500
001 000004130
003 DO-SdBNP
005 20250616104444.0
007 ta
008 250616s1998 dr r 001 0 spa d
040 _aDO-SdBNP
_bspa
_cBNPHU
_erda
041 _hspa
082 4 _axxx
_bR426L
_222
100 _912246
110 _aRepública Dominicana. [Leyes, etc.]
_911088
245 1 0 _aLeyes, decretos y reglamentos sobre migración
264 4 _aSanto Domingo :
_bEditora no identificada,
_c1998
300 _a53 páginas ;
_c24 cm.
336 _atexto
_btxt
_2rdacontent
337 _asin mediación
_bn
_2rdamedia
338 _avolumen
_bnc
_2rdacarrier
500 _aReglamento de migración No, 279, del 12 de mayo de 1939, publicado en la gaceta oficial No. 5313, actualizado con todas las modificaciones que se le han hecho hasta la fecha de esta puublicación
590 _aInventariado, 2025/DG
650 _912247
910 _aDG
942 _2ddc
_cLBS1
999 _c59291
_d59291